=LDR 00000nam 2200000 4500 =001 INLIS000000000050743 =005 20170516074812 =035 ##$$a 0010-0517000396 =007 ta =008 170516###########################0###### =020 ##$$a 978-602-255-424-0 =082 ##$$a 900 =084 ##$$a 900 SUD s =100 #$$a Sudirman, Adi =245 1#$$a Sejarah Lengkap Indonesia /$c Adi Sudirman =250 ##$$a Cet.1 =260 ##$$a Yogyakarta :$b Diva Press,$c 2014 =300 ##$$a 534 hlm. : $b Ilus ; $c 24,5 cm. =650 ##$$a INDONESIA =990 ##$$a 85178517 =990 ##$$a 85178517 =990 ##$$a 31700391 =990 ##$$a 02201708517 =990 ##$$a 31700392 =990 ##$$a 31700391